God Who Speaks and Acts: (Record no. 4886)

MARC details
000 -LEADER
fixed length control field 00559nam a22001697a 4500
003 - CONTROL NUMBER IDENTIFIER
control field OSt
005 - DATE AND TIME OF LATEST TRANSACTION
control field 20181217144353.0
008 - FIXED-LENGTH DATA ELEMENTS--GENERAL INFORMATION
fixed length control field 181217b ||||| |||| 00| 0 eng d
040 ## - CATALOGING SOURCE
Transcribing agency DLC
082 ## - DEWEY DECIMAL CLASSIFICATION NUMBER
Classification number 268.8
Item number B915G
100 ## - MAIN ENTRY--PERSONAL NAME
Personal name Bryant, James W.
245 ## - TITLE STATEMENT
Title God Who Speaks and Acts:
Remainder of title A Theology Of The Older Testament For The Younger Generation /
Statement of responsibility, etc. By James W. Bryant.
260 ## - PUBLICATION, DISTRIBUTION, ETC.
Place of publication, distribution, etc. Texas, USA :
Name of publisher, distributor, etc. Crescendo Book Publications,
Date of publication, distribution, etc. c1971.
300 ## - PHYSICAL DESCRIPTION
Extent 102 p.:
650 ## - SUBJECT ADDED ENTRY--TOPICAL TERM
Topical term or geographic name entry element A Bible-Centered Sunday School Curriculum
General subdivision High School Through Adult
942 ## - ADDED ENTRY ELEMENTS (KOHA)
Source of classification or shelving scheme Dewey Decimal Classification
Koha item type Books
Holdings
Withdrawn status Lost status Source of classification or shelving scheme Damaged status Not for loan Collection code Home library Current library Shelving location Date acquired Cost, normal purchase price Total Checkouts Full call number Barcode Date last seen Price effective from Koha item type
    Dewey Decimal Classification     Non-fiction Harvest Mission College Harvest Mission College General Stacks 17.12.2018 240.00   268.8 B915G 005528 17.12.2018 17.12.2018 Books

OPAC Designed and Maintained by HMC Library Team.
Copyright © HMC Library,Greater Noida, UP.
For any Suggestions/Query Contact library via Email:libhmc@gmail.com